000
00213 a2200109 4500
020
_a
9781575055367
041
_a
eng
100
_a
Sally M Walker
245
_a
Fossil fish found alive
942
_c
BK
952
_7
1
999
_c
18764
_d
18764